Arte románico en Asturias / (Record no. 33238)
[ view plain ]
| 000 -LEADER | |
|---|---|
| campo de control de longitud fija | 00790nam a2200217 i 4500 |
| 001 - NÚMERO DE CONTROL | |
| campo de control | 33238 |
| 003 - IDENTIFICADOR DE NÚMERO DE CONTROL | |
| campo de control | ES-MaACL |
| 005 - FECHA Y HORA DE LA ÚLTIMA TRANSACCIÓN | |
| campo de control | 20240925131843.0 |
| 007 - CAMPO FIJO DE DESCRIPCIÓN FÍSICA--INFORMACIÓN GENERAL | |
| campo de control de longitud fija | t| |
| 008 - DATOS DE LONGITUD FIJA--INFORMACIÓN GENERAL | |
| campo de control de longitud fija | 030201s1966 sp ||||1| spa d |
| 100 1# - ENTRADA PRINCIPAL--NOMBRE DE PERSONA | |
| Nombre de persona | Berenguer, Magín ( |
| Fechas asociadas al nombre | 1918-2000) |
| 9 (RLIN) | 27888 |
| 245 10 - MENCIÓN DEL TÍTULO | |
| Título | Arte románico en Asturias / |
| Mención de responsabilidad, etc. | por Magín Berenguer Alonso ; prólogo de Juan Antonio Gaya Nuño. |
| 260 ## - PUBLICACIÓN, DISTRIBUCIÓN, ETC. | |
| Lugar de publicación, distribución, etc. | Oviedo : |
| Nombre del editor, distribuidor, etc. | [s.n., |
| Fecha de publicación, distribución, etc. | 1966] ( |
| Fabricante | "La Cruz") |
| 300 ## - DESCRIPCIÓN FÍSICA | |
| Extensión | 1 v., 63 lám. ; |
| Dimensiones | 24 cm. |
| 500 ## - NOTA GENERAL | |
| Nota general | Precede al tít.: Instituto de Estudios Asturianos. |
| 650 #4 - PUNTO DE ACCESO ADICIONAL DE MATERIA--TÉRMINO DE MATERIA | |
| Término de materia o nombre geográfico como elemento de entrada | Arte románico- |
| Subdivisión geográfica | Asturias (Comunidad Autónoma) |
| 9 (RLIN) | 10299 |
| 700 0# - ENTRADA AGREGADA--NOMBRE PERSONAL | |
| Nombre de persona | Gaya Nuño, Juan Antonio, |
| Fechas asociadas al nombre | 1913-1976 |
| 9 (RLIN) | 56130 |
| 710 2# - ENTRADA AGREGADA--NOMBRE DE ENTIDAD CORPORATIVA | |
| Nombre de entidad corporativa o nombre de jurisdicción como elemento de entrada | Instituto de Estudios Asturianos. |
| 9 (RLIN) | 4889 |
| 852 ## - LOCALIZACIÓN | |
| Ubicación | ES-MaACL |
| Número de control de estantería | P-979-Ter |
| Sublocalización o colección | R.59557 |
| Estatus retirado | Estado de pérdida | Estado de daño | No para préstamo | Biblioteca de origen | Biblioteca actual | Ubicación en estantería | Fecha de adquisición | Fuente de adquisición | Total de préstamos | Signatura topográfica completa | Código de barras | Visto por última vez | Precio de reemplazo | Tipo de ítem Koha |
|---|---|---|---|---|---|---|---|---|---|---|---|---|---|---|
| Biblioteca del Ateneo de Madrid | Biblioteca del Ateneo de Madrid | Depósito 2 | 17/01/2008 | P-979-Ter | 1034560 | 23/02/2023 | 23/02/2023 | Libro impreso |
